书目信息 |
| 题名: |
病理学
|
|
| 作者: | ;吉林医科大学病理学编写小组 编 | |
| 分册: | ||
| 出版信息: | 北京 人民卫生出版社 1974 |
|
| 页数: | 138页 | |
| 开本: | 26cm | |
| 丛书名: | ||
| 单 册: | ||
| 中图分类: | R36 | |
| 科图分类: | ||
| 主题词: | 病理学 , 病理学 | |
| 电子资源: | ||
| ISBN: | ||
| 000 | 00645nam0 2200229 450098 | |
| 001 | 0634901421 | |
| 005 | 20060812094234.60 | |
| 091 | @a14048.3394@d0.62 | |
| 100 | @a19981223d1974 ekmy0chiy0121 ea | |
| 101 | 0 | @achi |
| 102 | @aCN@b110000 | |
| 105 | @ay z 000yy | |
| 106 | @ar | |
| 200 | 10 | @a病理学@f吉林医科大学《病理学》编写小组编@ABing Li Xue |
| 210 | @a北京@c人民卫生出版社@d1974 | |
| 215 | @a138页@d26cm | |
| 606 | @a病理学 | |
| 606 | 0 | @a病理学 |
| 690 | @aR36@v3 | |
| 711 | 02 | @a吉林医科大学病理学编写小组@4编@AJi Lin Yi Ke Da Xue Bing Li Xue Bian Xie Xiao Zu |
| 801 | 0 | @aCN@b上海图书馆 @c20060812 |
| 905 | @a10447@dR36@e105 | |
| 病理学/吉林医科大学《病理学》编写小组编.-北京:人民卫生出版社,1974 |
| 138页;26cm |
| ISBN : |
| ● |
| 相关链接 |
|
|
|
|
正题名:病理学
索取号:R36/105
 
预约/预借
| 序号 | 登录号 | 条形码 | 馆藏地/架位号 | 状态 | 备注 |
| 1 | 0452339 | 204523391 | 密集书库/ [索取号:R36/105] | 在馆 |